| 000 | 00732cab a2200241 4500 | ||
|---|---|---|---|
| 001 | ABS43787 | ||
| 008 | 090401t1990 xxu||||| |||| 00| 0 eng d | ||
| 035 | _a(Sirsi) u43473 | ||
| 041 | _aeng | ||
| 245 | _aCentrefolio London Docklands | ||
| 260 | _c1990 | ||
| 350 | _a0 | ||
| 490 |
_aChartered Surveyor Weekly _v33(9) 29 November 1990, 37-46(7) |
||
| 520 | _aThis special feature looks at development and investment opportunities in the Isle of Dogs , Wapping and Surrey Docks . | ||
| 650 | _aCITY FRINGE | ||
| 650 | _aENTERPRISE ZONE | ||
| 650 | _aLDDC | ||
| 650 | _aOFFICES | ||
| 650 | _aSUPPLY AND DEMAND | ||
| 690 | _aPROPERTY-COMMERCIAL PROPERTY-COMMERCIAL PROPERTY MARKET | ||
| 942 | _n0 | ||
| 948 | _c04/03/1997 | ||
| 999 |
_c27730 _d27730 |
||